000 00268nam a2200109Ia 4500
008 220204s9999 xx 000 0 und d
082 _a327.84(73)
_bJEF
100 _aJeffrey-Jones, R
245 0 _aAmerican espionage
260 _aLondon
_bFree Press
_c1977
942 _cBK
999 _c29162
_d29162